Focus sur: Galathil - Tolkien - Statistiques

Statistiques générales
  • Ce quiz a été pris 4 fois
  • Le résultat moyen est 7 sur 10
Statistiques - réponses
Informations recherchées Réponses % Correct
Royaume Doriath
100%
Espèce Elfe
100%
Première apparition Le Silmarillion
100%
Profession et titre Noble de Doriath
100%
Age durant lequel il vécut Premier (au moins)
100%
Groupe de l'espèce Sindar
100%
Cité Menegroth
50%
Frère Celeborn
25%
Père Galadhon
25%
Fille Nimloth
0%
Aucun quiz correspondant
Distribution des résultats
% des personnes avec chaque résultat
Percentile par nombre de réponses
Votre historique - résultats
Vous n’avez pas pris ce quiz